Govt. of
Madhya Pradesh

IntroductionTo Cyber Security (Record no. 68788)

MARC details
000 -LEADER
fixed length control field 00247nam a22001097a 4500
082 ## - DEWEY DECIMAL CLASSIFICATION NUMBER
Classification number 004
100 ## - MAIN ENTRY--AUTHOR NAME
Personal name Choubey,Santosh
245 ## - TITLE STATEMENT
Title IntroductionTo Cyber Security
260 ## - PUBLICATION, DISTRIBUTION, ETC. (IMPRINT)
Place of publication Bhopal
Name of publisher Aisect
Year of publication 2024
650 ## - SUBJECT ADDED ENTRY--TOPICAL TERM
Topical Term Computer
942 ## - ADDED ENTRY ELEMENTS (KOHA)
Koha item type Competitive Books
Holdings
Withdrawn status Lost status Damaged status Not for loan Home library Current library Date acquired Cost, normal purchase price Full call number Accession Number Price effective from Koha item type
        MACL MACL 06/03/2026 280.00 004 DPI004297 06/03/2026 Competitive Books